The Big Lebowski Actors by Picture 🎳 - Statistics

General Stats
  • This quiz has been taken 27 times
  • The average score is 7 of 15
Answer Stats
Picture Answer % Correct
Jeff Bridges
88%
John Goodman
84%
Philip Seymour Hoffman
80%
Steve Buscemi
80%
Julianne Moore
68%
John Turturro
64%
Sam Elliott
64%
Peter Stormare
36%
Tara Reid
36%
David Thewlis
28%
Flea
24%
Aimee Mann
12%
Ben Gazzara
12%
Jimmie Dale Gilmore
12%
David Huddleston
8%
No matching quizzes found
Score Distribution
Percent of People with Each Score
Percentile by Number Answered
Your Score History
You have not taken this quiz